| 000 | 00000nam 2200000za 4500 |
| 001 | 9.638916 |
| 003 | CaOODSP |
| 005 | 20210624221918 |
| 007 | cr ||||||||||| |
| 008 | 150407|2000||||xxc|||||o f|0| 0 fre d |
| 040 | |aCaOODSP|bfre |
| 043 | |an-cn--- |
| 086 | 1 |aBT43-103/2000F-PDF |
| 110 | 1 |aCanada. |bConseil du trésor. |
| 245 | 10|aVotre régime de pensions |h[ressource électronique] |
| 260 | |aOttawa - Ontario : |bSecrétariat du Conseil du Trésor du Canada |c31 octobre 2000. |
| 300 | |a52p.|btableaux |
| 590 | |a12-01-Supp|b2012-01-13 |
| 691 | 07|aFonction publique|2gcpds |
| 691 | 07|aPension|2gcpds |
| 775 | 08|tYour pension plan |w(CaOODSP)9.694743 |
| 776 | 0#|tYour pension plan |w(CaOODSP)9.662249 |
| 776 | 0#|tVotre régime de pensions |w(CaOODSP)9.662250 |
| 794 | |tVotre régime de pensions |w(CaOODSP)9.637027 |
| 856 | 40|ahttp://publications.gc.ca|qPDF|s355 Ko|uhttps://publications.gc.ca/collections/Collection/BT43-103-2000F.pdf |